[Event "Int SVK-ch Open 2020"]
[Site "Drienica"]
[Date "2020.08.10"]
[Round "4.13"]
[White "Marsina, Stefan"]
[Black "Ganzova, Veronika"]
[Result "0-1"]
[WhiteElo "1829"]
[BlackElo "1614"]
[Annotator "NA"]
[PlyCount "66"]
[EventDate "2020.08.07"]
[EventType "swiss"]
[EventCountry "SVK"]
[SourceTitle "playchess.com"]
[Source "ChessBase"]
[SourceQuality "1"]
[TimeControl "40/5400+30:1800+30"]

1. d4 {[%emt 0:00:00]} Nf6 {[%emt 0:00:00]} 2. Nf3 {[%emt 0:00:00]} g6 {[%emt 0:00:07]} 3. c4 {[%emt 0:00:45]} Bg7 {[%emt 0:00:59]} 4. Nc3 {[%emt 0:00:39]} d6 {[%emt 0:00:16]} 5. e4 {[%emt 0:04:02]} O-O {[%emt 0:00:20]} 6. h3 {[%emt 0:18:01]} e5 {[%emt 0:03:32]} 7. d5 {[%emt 0:02:26]} Nbd7 {[%emt 0:01:25]} 8. Be3 {[%emt 0:07:02]} Ne8 {[%emt 0:05:49]} 9. Qc2 {[%emt 0:18:48] [#] E90: King's Indian: Classical: Early deviations and 6 h3.} Nb6 $146 {[%emt 0:05:37]} ({Predecessor:} 9... b6 10. g4 a5 11. O-O-O Nc5 12. g5 Bh8 13. Be2 Ng7 14. Nh2 Nh5 15. Bxh5 gxh5 16. Qe2 Ba6 17. Qxh5 Bxc4 {1-0 (36) Meulner,F (2066)-Grunert,F (1778) Willingen 2017}) 10. b4 {[%emt 0:11:05]} a5 {[%emt 0:03:46]} 11. bxa5 {[%emt 0:11:31]} Rxa5 {[%emt 0:01:18]} 12. Bd3 {[%emt 0:01:44]} c6 {[%emt 0:06:26]} 13. Rb1 {[%emt 0:02:32]} Nd7 {[%emt 0:01:26]} 14. dxc6 {[%emt 0:01:38]} bxc6 {[%emt 0:00:40]} 15. O-O {[%emt 0:00:31]} Nc5 {[%emt 0:00:48]} 16. Rfd1 {[%emt 0:01:27]} f5 {[%emt 0:02:50]} 17. Nd2 {[%emt 0:02:50]} f4 {[%emt 0:02:59]} 18. Bxc5 {[%emt 0:00:18]} Rxc5 {[%emt 0:00:39]} 19. Nb3 {[%emt 0:00:30]} f3 {[%emt 0:07:54]} 20. g3 {[%emt 0:06:01]} Bxh3 {[%emt 0:01:19]} 21. Nxc5 {[%emt 0:02:28]} Qg5 {[%emt 0:05:01]} 22. Bf1 {[%emt 0:00:50] [#]} Qh5 $1 {[%emt 0:06:01]} 23. Nd3 {[%emt 0:00:32]} Nf6 {[%emt 0:07:21]} 24. Ne1 {[%emt 0:05:07]} Bxf1 {[%emt 0:05:18]} (24... Ng4 $17 25. Nxf3 Rxf3) 25. Nxf3 {[%emt 0:00:20] [#]} ({Avoid the trap} 25. Rxd6 $2 Ng4 $19 26. Nxf3 Rxf3 $19) 25... Qh3 $1 {[%emt 0:00:18]} 26. Ne1 $2 {[%emt 0:00:21]} (26. Rxf1 $15 Ng4 27. Rb8 Rxb8 28. Rd1) 26... Ng4 {[%emt 0:03:37]} 27. f3 {[%emt 0:00:51]} Qxg3+ {[%emt 0:01:11]} 28. Kxf1 {[%emt 0:00:23]} Ne3+ $19 {[%emt 0:00:07] Double Attack} 29. Ke2 {[%emt 0:00:24]} Nxc2 {[%emt 0:00:04]} 30. Nxc2 {[%emt 0:01:02]} Qxf3+ {[%emt 0:00:21]} 31. Kd2 {[%emt 0:00:38]} Bh6+ {[%emt 0:00:14]} 32. Ne3 {[%emt 0:00:39]} Qf2+ {[%emt 0:02:12]} 33. Kd3 {[%emt 0:00:24]} Qxe3+ {[%emt 0:00:18]} 0-1

[Event "Int SVK-ch Open 2020"]
[Site "Drienica"]
[Date "2020.08.10"]
[Round "4.14"]
[White "Ondo Tomas"]
[Black "Antal, Jakub"]
[Result "1/2-1/2"]
[WhiteElo "2065"]
[BlackElo "1918"]
[Annotator "ChessBase"]
[PlyCount "48"]
[EventDate "2020.08.07"]
[EventType "swiss"]
[EventCountry "SVK"]
[SourceTitle "playchess.com"]
[Source "ChessBase"]
[SourceQuality "1"]
[TimeControl "40/5400+30:1800+30"]

1. e4 {[%emt 0:00:00]} Nf6 {[%emt 0:00:50]} 2. e5 {[%emt 0:00:00]} Nd5 {[%emt 0:00:05]} 3. d4 {[%emt 0:00:00]} d6 {[%emt 0:00:11]} 4. Nf3 {[%emt 0:00:05]} g6 {[%emt 0:00:38]} 5. Bc4 {[%emt 0:00:41]} Nb6 {[%emt 0:00:50]} 6. Bb3 {[%emt 0:00:19]} Bg7 {[%emt 0:01:58]} 7. Qe2 {[%emt 0:01:35]} O-O {[%emt 0:00:39]} 8. h3 {[%emt 0:02:25]} dxe5 {[%emt 0:00:27]} 9. dxe5 {[%emt 0:01:06]} c5 {[%emt 0:00:09]} 10. O-O {[%emt 0:12:41]} Nc6 {[%emt 0:00:40]} 11. c3 {[%emt 0:04:07]} Bf5 {[%emt 0:03:13]} 12. Rd1 {[%emt 0:07:46]} Qc8 {[%emt 0:01:20]} 13. Bf4 {[%emt 0:07:35]} Be6 {[%emt 0:18:56]} 14. Na3 {[%emt 0:11:28]} Bxb3 {[%emt 0:07:33]} 15. axb3 {[%emt 0:00:07]} Qf5 {[%emt 0:06:16]} 16. Bg3 {[%emt 0:06:54]} Rfd8 {[%emt 0:02:54]} 17. Nc4 {[%emt 0:08:37]} Nd5 {[%emt 0:06:14]} 18. Ne3 {[%emt 0:08:08]} Nxe3 {[%emt 0:00:37]} 19. Qxe3 {[%emt 0:00:26]} b6 {[%emt 0:05:33]} 20. e6 {[%emt 0:11:50]} fxe6 {[%emt 0:06:35]} 21. Re1 {[%emt 0:00:27]} e5 {[%emt 0:06:25]} 22. Nxe5 {[%emt 0:00:57]} Nxe5 {[%emt 0:00:29]} 23. Bxe5 {[%emt 0:00:10]} Bxe5 {[%emt 0:00:43]} 24. Qxe5 {[%emt 0:00:03]} Qxe5 {[%emt 0:05:55]} 1/2-1/2

[Event "Int SVK-ch Open 2020"]
[Site "Drienica"]
[Date "2020.08.10"]
[Round "4.14"]
[White "Furman, Maximilian Jan"]
[Black "Nandrazi, Dominik"]
[Result "1-0"]
[WhiteElo "1610"]
[BlackElo "1883"]
[Annotator "NA"]
[PlyCount "89"]
[EventDate "2020.08.07"]
[EventType "swiss"]
[EventCountry "SVK"]
[SourceTitle "playchess.com"]
[Source "ChessBase"]
[SourceQuality "1"]
[TimeControl "40/5400+30:1800+30"]

1. e4 {[%emt 0:00:00]} g6 {[%emt 0:00:02]} 2. d4 {[%emt 0:00:00]} d6 {[%emt 0:02:56]} 3. Nc3 {[%emt 0:00:30]} Bg7 {[%emt 0:00:12]} 4. Be3 {[%emt 0:01:46]} c6 {[%emt 0:01:45]} 5. Bd3 {[%emt 0:04:42]} b5 {[%emt 0:01:31]} 6. f4 {[%emt 0:07:54]} b4 {[%emt 0:02:19] B06: Modern Defence.} 7. Nce2 {[%emt 0:01:32]} Nf6 {[%emt 0:00:57]} 8. h3 {[%emt 0:00:24]} Ba6 {[%emt 0:00:29]} (8... c5 $11) 9. Nf3 {[%emt 0:03:03]} Bxd3 {[%emt 0:02:10]} 10. Qxd3 {[%emt 0:00:08] [#]} Nbd7 $146 {[%emt 0:02:30]} ({Predecessor:} 10... Qa5 11. O-O Nbd7 12. Bd2 Qb6 13. e5 dxe5 14. fxe5 Nd5 15. e6 fxe6 16. Ng5 Nc7 {½-½ (38) Vrana,J (2306)-Mackowiak,M (2236) Olomouc 2011}) 11. Ng3 {[%emt 0:04:19]} Qa5 {[%emt 0:02:29]} 12. O-O {[%emt 0:10:01]} O-O {[%emt 0:03:22]} 13. Bd2 {[%emt 0:03:48]} Qb6 {[%emt 0:00:11]} 14. Be3 {[%emt 0:03:03]} c5 {[%emt 0:00:52]} 15. e5 {[%emt 0:04:22]} Ne8 {[%emt 0:02:28]} 16. dxc5 {[%emt 0:05:34]} Nxc5 {[%emt 0:00:25]} 17. Qc4 {[%emt 0:12:32]} Rc8 {[%emt 0:13:42]} 18. Rfe1 {[%emt 0:02:53]} Nc7 {[%emt 0:10:22]} (18... Qb8 $11 {keeps the balance.}) 19. a3 {[%emt 0:08:00]} (19. f5 $16) 19... bxa3 {[%emt 0:04:34]} 20. Rxa3 {[%emt 0:03:40]} Nb5 {[%emt 0:07:25]} 21. Ra2 {[%emt 0:04:25]} Qb7 {[%emt 0:00:36]} 22. Ra5 {[%emt 0:02:50]} a6 {[%emt 0:00:23]} 23. Qb4 {[%emt 0:00:56]} Rc6 {[%emt 0:06:14]} 24. Bxc5 {[%emt 0:02:02]} dxc5 {[%emt 0:00:19]} 25. Qc4 {[%emt 0:00:12]} Rd8 {[%emt 0:00:26]} 26. Qb3 {[%emt 0:02:43]} Qb6 {[%emt 0:00:40]} 27. Ra4 {[%emt 0:02:30]} Rd1 {[%emt 0:04:10]} ({Black should try} 27... Bh6 $15 28. Rc4 Nd4 29. Nxd4 Rxd4) 28. Qe3 {[%emt 0:01:57]} (28. Qc4 $5 {[%cal Re1d1]} Rd8 29. Rea1 $14) 28... Rxe1+ {[%emt 0:00:15]} 29. Nxe1 {[%emt 0:01:23]} Nd4 {[%emt 0:01:07]} 30. c3 {[%emt 0:01:04]} Qb5 {[%emt 0:00:58]} 31. Ra3 {[%emt 0:01:14]} Ne6 {[%emt 0:01:46]} 32. Nd3 {[%emt 0:01:28]} (32. b3 $1 $11 {keeps the balance.}) 32... Bh6 {[%emt 0:00:19]} 33. Qe4 {[%emt 0:01:56]} Rc8 $2 {[%emt 0:01:07]} (33... c4 $19 34. Nb4 Rc5 35. Qa8+ Nf8 36. Rxa6 Bxf4 {[%mdl 64] Double Attack}) 34. c4 {[%emt 0:00:55]} Qb6 {[%emt 0:00:38]} 35. f5 {[%emt 0:00:36]} Nd4 {[%emt 0:00:30] [#]} 36. Qh4 {[%emt 0:00:53]} (36. e6 $1 $16 {[%cal Re6f7][%mdl 512]} Bg7 (36... fxe6 37. fxg6) 37. exf7+ Kxf7 38. Qd5+ Kf8 39. fxg6 hxg6 40. Ne4) 36... Be3+ {[%emt 0:00:51]} 37. Kh2 {[%emt 0:00:29]} g5 $2 {[%emt 0:01:56]} (37... gxf5 $11 38. Nf1 Qh6 39. Qxe7 Rc6) 38. Qe4 {[%emt 0:00:29]} Nc2 $18 {[%emt 0:01:44]} (38... Bf4 39. Nxf4 gxf4) 39. Rc3 {[%emt 0:00:42]} Bd4 {[%emt 0:11:53]} 40. Rxc2 {[%emt 0:00:13]} Qb3 {[%emt 0:00:03]} 41. Nc1 {[%emt 0:31:36]} Bg1+ {[%emt 0:30:34]} 42. Kxg1 {[%emt 0:00:59]} Qxg3 {[%emt 0:00:02]} 43. Rc3 {[%emt 0:01:06]} Qf4 {[%emt 0:00:26]} 44. Qxf4 {[%emt 0:00:06]} gxf4 {[%emt 0:00:01]} 45. Nd3 {[%emt 0:00:56]} 1-0

[Event "Int SVK-ch Open 2020"]
[Site "Drienica"]
[Date "2020.08.12"]
[Round "4.15"]
[White "Ihnat Marek"]
[Black "Durica, Daniel"]
[Result "1/2-1/2"]
[WhiteElo "2046"]
[BlackElo "1935"]
[Annotator "TA"]
[PlyCount "87"]
[EventDate "2020.08.07"]
[EventType "swiss"]
[EventCountry "SVK"]
[SourceTitle "playchess.com"]
[Source "ChessBase"]
[SourceQuality "1"]

{[%evp 9,87,47,55,2,16,1,50,40,67,71,86,86,76,77,103,71,76,58,58,56,41,44,39,-51,-43,-47,2,0,13,22,85,93,100,98,126,123,117,70,95,96,89,90,94,82,103,43,56,0,0,0,0,0,0,0,0,0,0,0,0,0,0,0,0,0,0,0,0,0,0,0,0,0,0,0,0,0,18,0,0,0]} 1. e4 Nf6 2. e5 Nd5 3. d4 d6 4. Nf3 Nc6 5. exd6 cxd6 6. Bc4 {B04: Alekhine's Defence: 4 Nf3.} (6. c4 $14 Nf6 7. Nc3) 6... Nb6 $11 7. Bb3 Na5 (7... d5 {keeps more tension.} 8. Bf4 Bf5 9. O-O e6 10. c3 Be7) 8. O-O {White is slightly better.} Nxb3 9. axb3 Bg4 10. h3 Bh5 {[#]} 11. d5 $146 ({Predecessor:} 11. Re1 e6 12. Nbd2 Be7 13. Ne4 O-O 14. Ng3 Bg6 15. c4 a6 16. Bd2 Nd7 17. Bc3 {0-1 (39) Nun,J (2343)-Vojta,T (2376) Czech Republic 2015}) 11... e5 12. dxe6 $1 fxe6 13. Re1 Be7 14. Rxe6 {aiming for Bg5.} O-O 15. Qe1 Bf6 16. Nc3 (16. Re3 $14) 16... Bxf3 $1 $15 17. gxf3 Be5 (17... Qd7 $5 {[%cal Rf6e5]} 18. Qe4 Rae8 19. Rxe8 Rxe8 $15) 18. Qe4 $36 {[%mdl 2048] White fights for an advantage.} Qd7 19. Qg4 Qf7 {[#]} (19... Rf7 $11 {keeps the balance.}) 20. f4 $1 $16 Bxf4 21. Bxf4 h5 22. Qg6 Qxf4 23. Qg3 ({Reject} 23. Qxh5 $6 Qxf2+ 24. Kh1 Qxc2 $11) 23... Qxg3+ 24. fxg3 Rf3 25. Kg2 Raf8 {[#]} 26. Re2 $1 d5 27. Rxa7 ({White should play} 27. Rd1 $16) 27... d4 $14 28. Ne4 (28. Nd1 $1 $14) 28... Nd5 $11 {The position is equal.} 29. Rf2 Ne3+ 30. Kg1 Rxf2 31. Nxf2 {[%mdl 4096] Endgame KRN-KRN} Rf3 32. Ne4 Rf1+ 33. Kh2 Rc1 34. Rxb7 Rxc2+ {[%mdl 64] Double Attack} 35. Kg1 Rg2+ 36. Kh1 Rxb2 {Hoping for ...d3.} 37. Rd7 Rb1+ 38. Kh2 Rd1 39. Ng5 {[%cal Rd7d8]} g6 40. Ne6 d3 41. Nc5 d2 {And now ...Re1 would win.} 42. Ne4 Rc1 {Threatens to win with ...Kf8.} 43. Nf6+ Kf8 {...Rc6 is the strong threat.} 44. Nh7+ {Accuracy: White = 79%, Black = 77%.} 1/2-1/2

[Event "Int SVK-ch Open 2020"]
[Site "Drienica"]
[Date "2020.08.10"]
[Round "4.15"]
[White "Zahradnik, Vladimir"]
[Black "Dragula, Miroslav"]
[Result "1-0"]
[WhiteElo "1875"]
[BlackElo "1571"]
[Annotator "NA"]
[PlyCount "49"]
[EventDate "2020.08.07"]
[EventType "swiss"]
[EventCountry "SVK"]
[SourceTitle "playchess.com"]
[Source "ChessBase"]
[SourceQuality "1"]
[TimeControl "40/5400+30:1800+30"]

1. e4 {[%emt 0:00:00]} e6 {[%emt 0:00:00]} 2. d4 {[%emt 0:00:08]} d5 {[%emt 0:00:00]} 3. Nd2 {[%emt 0:00:14]} c5 {[%emt 0:00:09]} 4. exd5 {[%emt 0:00:26]} Qxd5 {[%emt 0:00:16]} 5. Ngf3 {[%emt 0:02:30]} Nf6 {[%emt 0:00:50]} 6. Bc4 {[%emt 0:00:37]} Qh5 {[%emt 0:00:38]} 7. c3 {[%emt 0:02:58]} cxd4 {[%emt 0:00:43]} 8. cxd4 {[%emt 0:00:05]} Be7 {[%emt 0:00:34]} 9. O-O {[%emt 0:00:17]} O-O {[%emt 0:00:11]} 10. Re1 {[%emt 0:02:02]} Nc6 {[%emt 0:00:01]} 11. Ne4 {[%emt 0:02:05]} h6 {[%emt 0:00:30]} 12. Ng3 {[%emt 0:01:45]} Qa5 {[%emt 0:00:00]} 13. a3 {[%emt 0:00:39]} a6 {[%emt 0:01:26]} 14. Bd2 {[%emt 0:00:39]} Qd8 {[%emt 0:00:13]} 15. Bc3 {[%emt 0:02:29]} b5 {[%emt 0:00:40]} 16. Bd3 {[%emt 0:01:03]} Bb7 {[%emt 0:00:54]} 17. Ne5 {[%emt 0:04:04]} Qd5 {[%emt 0:03:47]} 18. Ne4 {[%emt 0:00:59]} b4 {[%emt 0:06:11]} 19. Bc4 {[%emt 0:01:32]} Qd8 {[%emt 0:01:02]} 20. Nxf6+ {[%emt 0:00:24]} gxf6 {[%emt 0:04:32]} 21. Nxc6 {[%emt 0:00:19]} Bxc6 {[%emt 0:00:22]} 22. axb4 {[%emt 0:00:06]} Bb5 {[%emt 0:00:49]} 23. Bxb5 {[%emt 0:07:53]} axb5 {[%emt 0:00:12]} 24. Qh5 {[%emt 0:00:15]} Qd5 {[%emt 0:01:40]} 25. Qxd5 {[%emt 0:00:36]} 1-0

[Event "Int SVK-ch Open 2020"]
[Site "Drienica"]
[Date "2020.08.12"]
[Round "4.16"]
[White "Walterova Ema"]
[Black "Brhel Jan"]
[Result "0-1"]
[WhiteElo "1790"]
[BlackElo "2042"]
[Annotator "TA"]
[PlyCount "88"]
[EventDate "2020.08.07"]
[EventType "swiss"]
[EventCountry "SVK"]
[SourceTitle "playchess.com"]
[Source "ChessBase"]
[SourceQuality "1"]

{[%evp 17,88,-6,-6,-16,0,8,38,18,47,58,60,56,60,66,57,81,73,26,25,14,93,20,52,41,74,-24,-24,-57,-72,-52,-40,-54,-60,-51,-57,-64,-70,-65,-72,-72,-72,-97,-97,-103,-72,-82,-60,-136,-141,-180,-180,-180,-192,-258,-258,-258,-217,-258,-258,-258,-258,-284,-284,-284,-284,-443,-436,-5060,-5052,-5071,-5052,-2018,-1617]} 1. e4 e5 2. Nf3 Nf6 3. Nc3 Nc6 4. d4 exd4 5. Nxd4 Bb4 6. Nxc6 bxc6 7. Bd3 d5 8. exd5 cxd5 9. O-O O-O 10. h3 {C47: Scotch Four Knights and Four Knights with 4 g3.} Bxc3 11. bxc3 Qd6 {[#]} 12. Rb1 $146 {White is slightly better.} ({Predecessor:} 12. Qf3 Re8 13. Bf4 Qe7 {½-½ (13) Martins,C (2193)-Palozi,P (2274) Curitiba 2015}) 12... Ne4 13. Qf3 f5 14. c4 Be6 15. Bf4 Qc6 16. cxd5 Bxd5 17. Bb5 (17. c4 $5 {[%cal Rc4d5]} Be6 18. Qe3 $14) 17... Qc3 {White must now prevent ...Qxf3.} 18. Qd3 c6 {[#]} (18... Rad8 $11) 19. Ba6 ({White should try} 19. f3 $1 $16 {[%cal Rf3e4]} Qxd3 20. Bxd3) 19... Qxd3 20. Bxd3 Bxa2 21. Rb7 (21. Ra1 $16 Bf7 22. Ra5) 21... Nc5 $11 22. Re7 Nxd3 23. cxd3 Rf7 (23... a5 {with more complications.} 24. Rb7 Rf7 25. Rb6 Bd5 26. Ra1 a4) 24. Rfe1 Rxe7 25. Rxe7 $15 {[%mdl 4096] Endgame KRB-KRB} a5 {[%cal Ba7a5,Ba5a4,Ba4a3,Ba3a2][%mdl 32]} 26. Be5 Bf7 27. Rc7 a4 28. Rxc6 {Black converts the advantage convincingly.} a3 29. Rc1 a2 30. f4 Bd5 31. Kf2 Ra3 32. Ke2 (32. Rc8+ $15 Kf7 33. Rc7+ Ke6 34. Rxg7) 32... Bxg2 $17 33. Rg1 Bxh3 {aiming for ...Bg4+.} 34. Rxg7+ Kf8 35. Rg1 (35. Ba1 $142) 35... Bg4+ $19 36. Ke3 {[#] Threatens to win with Bd6+.} Kf7 37. Rc1 h5 38. Rc7+ Ke6 39. Rc1 h4 40. Ra1 h3 41. Bb2 (41. Kf2 $142) 41... Rb3 {Black is clearly winning.} 42. Be5 (42. Bh8 $142 Ra3 43. Bb2) 42... h2 {( -> ...Rb1)} 43. Rh1 Rb1 44. Rxh2 Re1+ {Accuracy: White = 52%, Black = 76%.} 0-1

[Event "Int SVK-ch Open 2020"]
[Site "Drienica"]
[Date "2020.08.10"]
[Round "4.16"]
[White "Sedlak, Mikulas"]
[Black "Geffert, Peter"]
[Result "0-1"]
[WhiteElo "1573"]
[BlackElo "1857"]
[Annotator "NA"]
[PlyCount "86"]
[EventDate "2020.08.07"]
[EventType "swiss"]
[EventCountry "SVK"]
[SourceTitle "playchess.com"]
[Source "ChessBase"]
[SourceQuality "1"]
[TimeControl "40/5400+30:1800+30"]

1. e4 {[%emt 0:00:00]} c5 {[%emt 0:00:00]} 2. Nf3 {[%emt 0:00:00]} d6 {[%emt 0:00:27]} 3. c3 {[%emt 0:00:08]} Nf6 {[%emt 0:01:00]} 4. Be2 {[%emt 0:00:20]} Nc6 {[%emt 0:00:30]} 5. d3 {[%emt 0:00:27]} g6 {[%emt 0:03:54]} 6. Nbd2 {[%emt 0:01:43]} Bg7 {[%emt 0:01:07]} 7. O-O {[%emt 0:00:15]} O-O {[%emt 0:00:06]} 8. Qc2 {[%emt 0:01:09] [#] B50: Sicilian: 2...d6, Miscellaneous.} e6 $146 {[%emt 0:06:36]} ({Predecessor:} 8... e5 9. a3 Be6 10. b4 a6 11. Rb1 b5 12. Ng5 Bd7 13. Nb3 cxb4 14. axb4 Qc7 15. Bd1 Rfc8 {0-1 (38) Papadopoulos,P (2247)-Bashirli,N (2383) Belgrade 2019}) 9. h3 {[%emt 0:02:39]} a6 {[%emt 0:00:21]} 10. Nh2 {[%emt 0:00:52]} d5 {[%emt 0:05:57]} 11. Ng4 {[%emt 0:03:52]} e5 {[%emt 0:05:52]} 12. Nxf6+ {[%emt 0:00:27]} Bxf6 {[%emt 0:00:02]} 13. exd5 {[%emt 0:02:15]} Qxd5 {[%emt 0:00:22]} 14. Bf3 {[%emt 0:00:17]} Qe6 {[%emt 0:00:22]} 15. Bg4 {[%emt 0:07:59]} Qe7 {[%emt 0:00:42]} 16. Bxc8 {[%emt 0:00:08]} Raxc8 {[%emt 0:00:08]} 17. Ne4 {[%emt 0:00:58]} Bg7 {[%emt 0:01:47]} 18. Be3 {[%emt 0:02:14]} Nd8 {[%emt 0:07:11]} 19. Nxc5 {[%emt 0:10:20]} Rxc5 {[%emt 0:01:19]} 20. Bxc5 {[%emt 0:00:20]} Qxc5 {[%emt 0:00:02]} 21. Rfe1 {[%emt 0:01:10]} Ne6 {[%emt 0:00:27]} 22. Qe2 {[%emt 0:04:36]} Rd8 {[%emt 0:01:36]} 23. g3 {[%emt 0:04:02]} Qd5 {[%emt 0:01:46]} 24. Qe4 {[%emt 0:03:57]} Qxd3 {[%emt 0:01:16]} 25. Qxd3 {[%emt 0:00:22]} Rxd3 {[%emt 0:00:02]} 26. Rad1 {[%emt 0:00:09]} Nc5 {[%emt 0:01:37]} 27. Rxd3 {[%emt 0:01:56]} Nxd3 {[%emt 0:00:36]} 28. Re2 {[%emt 0:00:05]} f5 {[%emt 0:01:53]} 29. f3 {[%emt 0:01:15]} Kf7 {[%emt 0:01:38]} 30. b3 {[%emt 0:01:56]} Bh6 {[%emt 0:04:10]} 31. Kf1 {[%emt 0:03:00]} Kf6 {[%emt 0:02:25]} 32. Rc2 {[%emt 0:01:00]} e4 {[%emt 0:00:27]} 33. fxe4 {[%emt 0:00:46]} fxe4 {[%emt 0:00:02]} 34. Ke2 {[%emt 0:00:11]} Ke5 {[%emt 0:00:26]} 35. a3 {[%emt 0:02:12]} Nc1+ {[%emt 0:02:00]} 36. Kd1 {[%emt 0:01:13]} Nxb3 {[%emt 0:00:13]} 37. Rf2 {[%emt 0:00:46]} Ke6 {[%emt 0:01:22]} 38. g4 {[%emt 0:03:19] [#]} Bd2 $1 {[%emt 0:02:42]} 39. Rxd2 {[%emt 0:01:09]} (39. Rf8 $142 e3 40. Re8+ Kd5 41. Re7) 39... Nxd2 {[%emt 0:00:07]} 40. Kxd2 {[%emt 0:00:04]} g5 {[%emt 0:00:19]} 41. c4 {[%emt 0:30:37]} Ke5 {[%emt 0:30:10]} 42. Ke3 {[%emt 0:00:17]} b6 {[%emt 0:00:22]} 43. a4 {[%emt 0:00:34]} a5 {[%emt 0:00:10]} 0-1

[Event "Int SVK-ch Open 2020"]
[Site "Drienica"]
[Date "2020.08.12"]
[Round "4.17"]
[White "Elias David"]
[Black "Varga, Lukas"]
[Result "1-0"]
[WhiteElo "1781"]
[BlackElo "2000"]
[Annotator "TA"]
[PlyCount "105"]
[EventDate "2020.08.07"]
[EventType "swiss"]
[EventCountry "SVK"]
[SourceTitle "playchess.com"]
[Source "ChessBase"]
[SourceQuality "1"]

{[%evp 9,105,18,43,11,16,6,0,13,16,-8,0,-22,0,-20,-14,-5,0,-6,0,0,0,0,0,6,20,16,30,31,52,-2,-4,-37,-37,-45,74,77,86,70,131,52,193,187,176,164,253,235,296,306,300,287,306,320,303,304,323,325,387,383,481,473,513,505,651,632,541,503,487,404,381,360,362,335,383,297,387,379,425,118,431,399,609,602,2262,1920,1769,1779,5297,5293,5293,2343,29985,29986,29987,29988,29988,29989,29989,29990]} 1. e4 c5 2. Nc3 Nc6 3. Bb5 Nd4 4. Nf3 a6 5. Bd3 Nc6 6. Be2 {B23: Closed Sicilian: Lines without g3.} e5 7. d3 d6 8. O-O {The position is equal.} Nf6 9. Be3 Be7 10. Nd2 O-O 11. f4 {[#]} exf4 $146 ({Predecessor:} 11... b5 12. Bf3 Nd4 13. fxe5 dxe5 14. Ne2 Ng4 15. Bxd4 cxd4 16. Bxg4 Bxg4 17. Nf3 Qd6 18. h3 Be6 {0-1 (42) Kokles,S (1831)-Janko,M (2158) Brezova pod Bradlom 2006}) 12. Bxf4 Be6 13. Bf3 Ne8 14. Nd5 Bg5 15. c3 Ne5 16. Qe2 Bxd5 17. Bxe5 $1 Be6 18. Bg3 $36 {[%mdl 2048] White has some pressure.} Nf6 19. e5 (19. Rfd1 $14) 19... dxe5 $11 20. Bxb7 Rb8 21. Nf3 Bg4 (21... Bf4 $15 {keeps the upper hand.} 22. Bxf4 (22. Bxa6 Bxg3 23. hxg3 Qb6 $17) 22... exf4) 22. Bxa6 $16 {White leaves nothing to chance now.} Re8 23. Bc4 (23. Bxe5 $6 Bf4 $11) 23... Rb7 (23... Bf4 $14) 24. Qc2 ({White should play} 24. Rae1 $16) 24... Nh5 (24... Be3+ $14 25. Kh1 Bf4) 25. Nxg5 $18 Qxg5 26. Qf2 {[%cal Rc4f7]} Qg6 (26... Be6 $142) 27. Rae1 ({Don't take} 27. Qxc5 Be6 $18) 27... Be6 28. Rxe5 Nxg3 29. hxg3 (29. Qxg3 Qxg3 30. hxg3 Rxb2 $16) 29... Reb8 30. b3 ({Weaker is} 30. Rxc5 Rxb2 31. Qf4 Bxc4 $16) 30... Bxc4 31. dxc4 ({Not} 31. bxc4 Qxd3 32. Rxc5 Qxc3 $16) 31... h6 32. Rxc5 Re8 33. Re1 Rxe1+ 34. Qxe1 {[%mdl 4096] Endgame KQR-KQR} Qc2 35. Re5 f5 36. Re8+ Kh7 37. Re2 Qd3 38. Rd2 Qxc3 39. Re2 Qf6 40. Re5 Rd7 41. b4 Rd4 42. c5 Qd8 {aiming for ...Rd1.} 43. Qe2 $2 (43. Kh2 $18 {has better winning chances.}) 43... Qg5 $2 {[%mdl 8192]} (43... Rxb4 $16 44. Rxf5 Rb1+ 45. Kh2 Qd1 46. Qxd1 Rxd1) 44. Qc2 Kg6 (44... Rxb4 $142 45. Rxf5 Qe3+ 46. Kh2 Qe4) 45. c6 Rd2 46. Qb3 Qg4 47. Qe6+ Kg5 {[#]} 48. Rxf5+ $1 {[%mdl 512]} Qxf5 49. Qe3+ {[%mdl 64] Double Attack} Kg4 50. Qxd2 {White mates.} Kxg3 51. Qe3+ Kh4 {[#]} 52. Qh3+ $1 Qxh3 53. gxh3 {Accuracy: White = 80%, Black = 49%.} 1-0